000 00627nam a22001937a 4500
005 20250220142701.0
010 _aENG-143047
020 _c350.00
_a9788194139423
035 _aEN-126579
037 _bDBAD
082 _a954.0841
100 _aRani. Neelam
_978274
245 _aIndian National Movement
_cby Neelam Rani
_bMarxist Stance In Reference To Bipan chandra
_hEnglish
250 _a01
260 _aNew Delhi
_bAtharv Publications
_c2019
270 _bNew Delhi
_a110,1st floor ,gali no.04, harphool vihar , bapraula
_e110043
300 _a109.hb
_c22cm
942 _2ddc
_cEN
_h954.0841
_mRan
_e01
999 _c209189
_d209189